الآخرون : (Record no. 12755)
[ view plain ]
| 000 -الفاتح | |
|---|---|
| حقل البيانات ثابتة الطول | 01101nam a22003017a 4500 |
| 003 - محدد رقم الضبط | |
| رقم الضبط | EG-ScBUE |
| 005 - وقت وتاريخ اخر تعامل مع التسجيلة | |
| رقم الضبط | 20210210125118.0 |
| 008 - عناصر البيانات ثابتة الطول - معلومات عامة | |
| حقل البيانات ثابتة الطول | 090820s2004 ua f 000 j ara d |
| 017 ## - رقم الإيداع القانونى | |
| رقم الإيداع القانونى | 2004/4750 |
| 020 ## - الرقم الدولى المعيارى للكتب | |
| الرقم الدولى المعيارى للكتاب | 9773056961 |
| 040 ## - مصدر الفهرسة | |
| وكالة الفهرسة الأصلية | EG-ScBUE |
| لغة الفهرسة | ara |
| قواعد الوصف | rda |
| وكالة النسخ | EG-ScBUE |
| وكالة التعديل | EG-ScBUE |
| 082 04 - رقم تصنيف ديوى العشرى | |
| رقم التصنيف | 892.737 |
| رقم المادة | م ط ا |
| رقم الطبعة | 22 |
| 100 1# - المدخل الرئيسى - إسم شخصى | |
| 9 (RLIN) | 8744 |
| الإسم الشخصى | المطارقي، محمد عبد الظاهر، |
| الدور | مؤلف. |
| 245 12 - بيان العنوان | |
| العنوان | الآخرون : |
| بقية العنوان | مجموعة قصصية / |
| بيان المسئوليه,etc | محمد عبد الظاهر المطارقي. |
| 246 34 - العنوان الموازى | |
| عنوان صحيح/عنوان مختصر | الآخرون : |
| بقية العنوان | قصص قصيرة |
| 250 ## - بيان الطبعة | |
| بيان الطبعة | الطبعة الأولى. |
| 264 #1 - النشر، التوزيع | |
| مكان الناشر او الموزع | القاهرة : |
| اسم الناشر او الموزع | الهيئة العامة لقصور الثقافة، |
| تاريخ النشر أو التوزيع | 2004. |
| 300 ## - الوصف المادى | |
| التعداد | 159 صفحة ؛ |
| أبعاد الوعاء | 20 سم. |
| 336 ## - نوع المحتوى | |
| source | rdacontent |
| Carrier Type Term | نص |
| Content Type Code | txt |
| 337 ## - نوع الوسيط | |
| source | rdamedia |
| Media Type Term | بدون وسيط |
| Media Type Code | n |
| 338 ## - نوع الحامل أو الناقل | |
| source | rdacarrier |
| Carrier Type Term | مجلد |
| Carrier Type Code | nc |
| 490 0# - بيان السلسلة | |
| عنوان السلسلة | إبداعات ؛ |
| رقم المجلد/ التعيين التسلسلي | 213 |
| 650 #7 - المدخل الاضافى بالموضوع-مصطلح موضوعى | |
| 9 (RLIN) | 8088 |
| مصطلح موضوعي أو اسم جغرافي كعنصر مدخل | القصص العربية القصيرة |
| التقسيم الفرعي الجغرافي | مصر |
| التقسيم الفرعي الزمني | قرن 20. |
| مصدر الرأس أو المصطلح | BUEsh |
| 651 ## - المدخل الاضافى بالموضوع - اسم جغرافى | |
| مصدر الرأس أو المصطلح | BUEsh |
| 653 ## - مصطلح تكشيفى غير مقيد | |
| Resource For college | Arabic Literature |
| Arrived date list | February2021 |
| 655 ## - مصطلح تكشيفى-نوع/شكل | |
| التقسيم الفرعي الشكلي | Reading book |
| -- | 34232 |
| 942 ## - عناصر المدخل الإضافي( كوها) | |
| مصدر التصنيف او مخطط الترفيف | Dewey Decimal Classification |
| Koha [default] item type | Book - Borrowing |
| حالة التراجع | حالة الفقد | مصدر التصنيف او خطة الترفيف | حالة تلف | ليس للاعارة | مجموعات كوها | المكان الدائم | المكان الحالي | موقع الترفيف | تاريخ الاكتساب | رقم الاستدعاء | الباركود | Date last seen | نوع الوعاء | مُعار |
|---|---|---|---|---|---|---|---|---|---|---|---|---|---|---|
| Dewey Decimal Classification | Alef-Baa | Central Library | Central Library | Second Floor | 07/09/2009 | 892.737 م ط ا | 000018217 | 15/07/2025 | Book - Borrowing | |||||
| Dewey Decimal Classification | Alef-Baa | Central Library | Central Library | Second Floor | 08/09/2009 | 892.737 م ط ا | 000018232 | 24/08/2022 | NB - Book (Non borrowing) | |||||
| Dewey Decimal Classification | Alef-Baa | Central Library | Central Library | Second Floor | 08/09/2009 | 892.737 م ط ا | 000018231 | 15/07/2025 | Book - Borrowing | |||||
| Dewey Decimal Classification | Alef-Baa | Central Library | Central Library | Second Floor | 08/09/2009 | 892.737 م ط ا | 000018248 | 15/07/2025 | Book - Borrowing | 27/10/2010 |